00493nam a2200145Ia 4500008004100000020001800041082001200059100002200071245005500093260000900148500003900157942000700196952012900203999001500332260604s9999 xx 000 0 und d a9781529720969 a004 HAA aQUAN-HAASE935133 0aTHE SAGE HANDBOOK OF SOCIAL MEDIA RESEARCH METHODS bSAGE aIT, Social Media, Research Methods cBK 00104070aIIMVbIIMVcLOCKERd2026-06-04g14214.00l0o004 HAAp003510r2026-06-04 10:18:07v14214.00w2026-06-04yBKBHAA c7892d7892